Les forces religieuses et la vie politique: le catholicisme et le protestantisme

Salvato in:
Dettagli Bibliografici
Autori principali: Latreille, André (Autore), Siegfried, André (Autore)
Natura: Libro
Lingua:francese
Pubblicazione: París Armand Colin 1951
Serie:Cahiers de la Fondation Nationale des Sciences Politiques, 23
Soggetti:
Tags: Aggiungi Tag
Nessun Tag, puoi essere il primo ad aggiungerne!!

MARC

LEADER 00000nam a2200000 a 4500
001 UCT7961
003 CL-VaPUC
008 970317e19510000FR |||||||||||||||||fre|d
082 0 4 |a 322.1  |b LAT  |2 21 
100 0 |a Latreille, André  |e author  |9 379343 
700 0 |a Siegfried, André  |e author  |9 379344 
245 1 4 |a Les forces religieuses et la vie politique: le catholicisme et le protestantisme 
300 |a 218 p 
942 |c BK 
945 |d 19970317 00:00:00  |a paguirre 
260 |a París  |b Armand Colin  |c 1951 
650 0 |a Iglesia y Estado  |9 254995 
650 0 |a Religión   |9 255164 
650 0 |a Política  |9 255312 
650 0 |a Ciencias Políticas  |9 255201 
650 7 |a COMPORTAMIENTO POLITICO  |2 CL-VaPUC  |9 335468 
583 |a last modification  |c 19970317 00:00:00  |k Rodrigo Vera 
490 0 |a Cahiers de la Fondation Nationale des Sciences Politiques, 23 
999 |c 256506  |d 256504 
952 |0 0  |1 0  |4 0  |6 322_100000000000000_LAT_1951  |7 0  |8 A  |9 279282  |a BIBDER  |b BIBDER  |d 2019-11-19  |i 1811185  |o 322.1 LAT 1951  |p 1811185  |r 2023-01-25  |w 2019-11-19  |y BK  |k DER